[Event "Mislata op-C 53rd"]
[Site "Mislata"]
[Date "2019.08.25"]
[Round "9"]
[White "Gregori Garcia, Carles"]
[Black "Soriano Folch, Jonathan"]
[Result "1/2-1/2"]
[WhiteElo "1713"]
[BlackElo "1873"]
[PlyCount "70"]
[EventDate "2019.08.19"]
[EventType "swiss"]
[EventRounds "9"]
[EventCountry "ESP"]
[SourceTitle "EXT 2021"]
[Source "ChessBase"]
[SourceDate "2020.10.23"]
[SourceVersion "1"]
[SourceVersionDate "2020.10.23"]
[SourceQuality "1"]

1. e4 c5 2. Nf3 Nc6 3. d4 cxd4 4. Nxd4 Nf6 5. Nc3 e6 6. Ndb5 a6 7. Nd6+ Bxd6 8. Qxd6 Qe7 9. Qxe7+ Kxe7 10. Bg5 b5 11. 0-0-0 h6 12. Bxf6+ gxf6 13. g3 Ne5 14. f4 Ng4 15. Rd2 Bb7 16. Bd3 b4 17. Nd1 f5 18. Re1 fxe4 19. Bxe4 Bxe4 20. Rxe4 a5 21. Ne3 Nxe3 22. Rxe3 d6 23. g4 Rac8 24. Rd4 Rc5 25. c3 Rhc8 26. Kd2 d5 27. h4 Rc4 28. h5 Kf6 29. Rg3 bxc3+ 30. bxc3 Rxd4+ 31. cxd4 Rc4 32. g5+ Kg7 33. Rd3 Rb4 34. Kc2 Rc4+ 35. Kd2 Rb4 1/2-1/2